LEADER 00935nam0-22003251i-450 001 990007871620403321 005 20190722091631.0 010 $a0-8493-1537-9 035 $a000787162 035 $aFED01000787162 035 $a(Aleph)000787162FED01 035 $a000787162 100 $a20040422d2000----km-y0itay50------ba 101 0 $aeng 102 $aUS 105 $ay---j---001y- 200 1 $aMicrobiological risk assessment in food processing$fedited by Martyn Brown, Mike Stringer 210 $aBoca Raton$cCRC Press$dc2000 215 $aXVII, 301 p.$cill.$d24 cm 610 0 $aAlimenti$aAnalisi 676 $a664.07 702 1$aBrown,$bMartyn 702 1$aStringer,$bMike 801 0$aIT$bUNINA$gRICA$2UNIMARC 901 $aBK 912 $a990007871620403321 952 $a60 664.07 BROM 2000$b9412$fFAGBC 959 $aFAGBC 996 $aMicrobiological risk assessment in food processing$9673015 997 $aUNINA